Osobní asistenti a odvody do fondov

Zákon NR SR č. 195/1998 Z.z. o sociálnej pomoci v znení neskorších predpisov zaviedol pojem "osobného asistenta". Rozumie sa tým občan, ktorý vykonáva osobnú asistenciu občanom s ťažkým zdravotným postihnutím. Poskytovanie peňažného príspevku na osobnú asistenciu. Zmluvy o výkone osobnej asistencie....

Ausführliche Beschreibung

Gespeichert in:
Bibliographische Detailangaben
1. Verfasser: Macková, Zuzana
Format: Buchkapitel
Sprache:Slowakisch
Schlagworte:
Tags: Tag hinzufügen
Keine Tags, Fügen Sie das erste Tag hinzu!

MARC

LEADER 00000naa a2200000 4500
001 r043988
005 20231002081124.0
041 0 |a slo 
044 |a SK 
245 1 0 |a Osobní asistenti a odvody do fondov  |c Zuzana Macková 
520 |a Zákon NR SR č. 195/1998 Z.z. o sociálnej pomoci v znení neskorších predpisov zaviedol pojem "osobného asistenta". Rozumie sa tým občan, ktorý vykonáva osobnú asistenciu občanom s ťažkým zdravotným postihnutím. Poskytovanie peňažného príspevku na osobnú asistenciu. Zmluvy o výkone osobnej asistencie. Postavenie osobného asistenta na účely platenia odvodov do fondov. 
610 2 0 |a úpravy právne 
610 2 0 |a osoby fyzické 
610 2 0 |a príspevky sociálne 
610 2 0 |a príjmy 
610 2 0 |a odvody 
610 2 0 |a poistenie zdravotné 
610 2 0 |a zmluvy 
100 1 |a Macková, Zuzana